000 005930000a22002050004500
003 LK-CoMWRAF
005 20231008011735.0
008 230817t2004 ||||| |||| 00| 0 eng d
020 _a184330855X
040 _aLK-CoMWRAF
_dLK-CoMWRAF
_eLK-CoMWRAF
041 _aeng
082 _a158.1
_bBOW
100 _aBowron, Fiona J.
245 _a1001 Ways to Humiliate yourself and others:
_bTo cause Embarrassment where you go
260 _aLondon:
_bNew Holland Publishers,
_c2004
300 _a96 p. ; 20 cm.
650 _aSELF ACTUALIZATION(PSYCHOLOGY)
650 _aHumiliation
942 _cBK
999 _c2207
_d2207